Γεωτρήσεις δειγματοληψίας
Saved in:
| Main Author: | |
|---|---|
| Format: | Book |
| Language: | Greek |
| Published: |
Αθήναι :
1981
|
| Subjects: | |
| Tags: |
Add Tag
No Tags, Be the first to tag this record!
|
MARC
| LEADER | 00000nam a2200000 i 4500 | ||
|---|---|---|---|
| 001 | 1/97803 | ||
| 008 | 950223s1981 gre d | ||
| 035 | |l 10010698 | ||
| 040 | |a GR-MY-UA |b gre |e aacr | ||
| 041 | 0 | |a gre | |
| 082 | 0 | |a 622.23 | |
| 100 | 1 | |a Τσουτρέλης, Χαράλαμπος Ε. | |
| 245 | 1 | 0 | |a Γεωτρήσεις δειγματοληψίας / |c Χαραλάμπους Ε. Τσουτρέλη |
| 260 | |a Αθήναι : |c 1981 | ||
| 300 | |a 230 σ. | ||
| 650 | 0 | 0 | |a Drilling and boring. |
| 852 | |a INST |b LESVOS |e 19950223 |h 622.23 ΤΣΟ |p 005100002763 |q 005100002763 |t BK |y 0 | ||
| 909 | |a Λ |b 013719 | ||
| 922 | |a 1ΕΛΗ |b 198812 |c ΠΠ/7104 | ||